Normal view
MARC view
Entry Topical Term
001 - CONTROL NUMBER
- control field: 776
003 - CONTROL NUMBER IDENTIFIER
- control field: OSt
005 - DATE AND TIME OF LATEST TRANSACTION
- control field: 20221124101550.0
008 - FIXED-LENGTH DATA ELEMENTS
- fixed length control field: 221124|| aca||aabn | a|a d
040 ## - CATALOGING SOURCE
- Original cataloging agency: OSt
- Transcribing agency: OSt
150 ## - HEADING--TOPICAL TERM
- Topical term or geographic name entry element: Foreign trade regulation
670 ## - SOURCE DATA FOUND
- Source citation: Work cat.: (OSt)8444: Schaffer, Richard. 772, International business law and its environment. /, 2008.
